| 000 | 00809nam a2200217Ia 4500 | ||
|---|---|---|---|
| 003 | GCL | ||
| 008 | 140319s9999 xx 000 0 ara d | ||
| 040 |
_aGCL / _cGCL |
||
| 082 | 0 | 4 |
_aم _b355.0703 _bد م |
| 100 | 1 | _aدار الراتب الجامعية | |
| 245 | 1 | 0 |
_aموسوعة المصطلحات الفنية العسكرية: عربى\ انجليزى / _cدار الراتب الجامعية |
| 260 |
_a[S.N] : _bدار الراتب الجامعية |
||
| 300 | _a470 ص | ||
| 490 |
_aشكاوى المصرى الفصيح _v0 |
||
| 650 | 0 | 4 | _aالمعاجم |
| 650 | 0 | 4 | _aالعلوم العسكرية |
| 650 | 0 | 4 | _aاللغة الانجليزية - معاجم |
| 650 | 0 | 4 | _aالفنون العسكرية - معاجم |
| 650 | 0 | 4 | _aاللغة العربية - المعاجم |
| 942 |
_2ddc _cREF |
||
| 999 |
_c59253 _d59253 |
||